1715 1419 1867 1952 1101 1735 1606 1575 1821 1123 1906 1916 1542 1681 1383 1539 1713 1984 1034 1283 1948 1048 1984 1270 1581 1776 1112 1526 1417 1522 1030 1900 1020 1324 1818 1190 1626 1318 1862 1413 1982 1930 1882 1749 1662 1099 1333 1436 1883 1408 1367 1465 1838 1602 1372 1142 1203 1448 1527 1384 1469 1882 1483 1155 1076 1066 1161 1436 1315 1699 1052 1040 1913 1341 1686 1630 1208 1957 1828 1058 1675 1347 1656 1836 1821 1658 1375 1129 1187 1728 1196 1027 1869 1097 1094 1600 1279 1606 1730 BCNSPRNW ULIB Ver.6.0+V

เปลี่ยนเป็นภาษาไทย

Change to English
 แสดงรายละเอียดบรรณานุกรม
  กลับหน้าหลัก

Brief Record : Get Marc (ISO 2709) : E-mail record : QR code < ปิดหน้าต่าง
LEADER : 00000nam 2200000uu 4500
001    13399107779
003     ULIB
008    110203s2544||||th 000 0 tha d
020    9745870226
060 04 WY100^bส236ก^c2544
245 00 การดูแลตนเอง :^bศาสตร์และศิลปะทางการพยาบาล /^cสมจิตหนุเจริญกุล, บรรณาธิการ
246 30 ศาสตร์และศิลปทางการพยาบาล
250    พิมพ์ครั้งที่ 6
260    [กรุงเทพฯ] :^bโครงการตำราภาควิชาพยาบาลศาสตร์ คณะแพทยศาสตร์โรงพยาบาลรามาธิบดี มหาวิทยาลัยมหิดล,^c2544
300    324 หน้า :^bภาพประกอบ
650  7 Self Care
650  7 การดูแลตนเอง
650  7 การพยาบาล, ทฤษฎี
700 0  สมจิต หนุเจริญกุล
710 2  มหาวิทยาลัยมหิดล. ^bคณะแพทยศาสตร์โรงพยาบาลรามาธิบดี.^bโครงการตำราภาควิชาพยาบาลศาสตร์
995    เกษร
999    ^aใช้งานได้ทุกระบบ
รายการนี้ยังไม่มีแท็ก
คุณยังไม่ได้ล็อกอิน คุณสามารถมีกิจกรรมร่วมกับเว็บไซต์ได้ แต่ต้องล็อกอินก่อน ::
  ล็อกอิน

รายการสื่อสารสนเทศ

ลำดับที่ ประเภท เลขเรียก/บาร์โค้ด สถานที่ สถานะ
- ไม่พบข้อมูล -

รายการใกล้เคียง
    หัวเรื่อง [Self Care]
    หัวเรื่อง [การดูแลตนเอง]
    หัวเรื่อง [การพยาบาล, ทฤษฎี]

BibComment


ยังไม่เคยถูกคอมเมนท์

คอมเมนท์ทรัพยากรรายการนี้
  คอมเมนท์: การดูแลตนเอง ศาส..


 Copyright 2026. Bcnsprnw @Library